[Event "Hillerod CC-ch Grp 2"]
[Site "Hillerod"]
[Date "2019.12.10"]
[Round "4"]
[White "Eliasen, Rune"]
[Black "Damm, Henrik"]
[Result "1-0"]
[WhiteElo "1687"]
[BlackElo "1556"]
[PlyCount "107"]
[EventDate "2019.12.10"]
[EventType "swiss"]
[EventRounds "7"]
[EventCountry "DEN"]
[SourceTitle "EXT 2024"]
[Source "ChessBase"]
[SourceDate "2023.10.10"]
[SourceVersion "1"]
[SourceVersionDate "2023.10.10"]
[SourceQuality "1"]

1. e4 c5 2. d4 cxd4 3. c3 dxc3 4. Nxc3 Nc6 5. Nf3 d6 6. Bc4 Bg4 7. Bxf7+ Kd7 8. Qb3 Qb6 9. Bxg8 Qxb3 10. Bxb3 Bxf3 11. gxf3 Nd4 12. Bd1 g6 13. Be3 Bg7 14. 0-0 Rhf8 15. Bxd4 Bxd4 16. Be2 a6 17. Rfd1 e5 18. Nd5 Ba7 19. Rac1 Rac8 20. f4 h5 21. f5 gxf5 22. Bxh5 Rg8+ 23. Kf1 Rh8 24. exf5 Kd8 25. Rxc8+ Kxc8 26. Nf6 Bb8 27. Kg2 Kd8 28. Bg4 Ke7 29. Nd5+ Kf7 30. Rc1 Rg8 31. h3 Kg7 32. f6+ Kh8 33. Rc8 Ba7 34. Rxg8+ Kxg8 35. Bc8 Bd4 36. b3 b6 37. Bxa6 Kf7 38. Bc4 Ke6 39. Nxb6+ Kxf6 40. Nc8 Bc5 41. Kf3 Kg5 42. Kg3 Ba3 43. Ne7 Kf6 44. Nd5+ Kg5 45. f3 Bc5 46. a4 Kf5 47. b4 Ba7 48. a5 e4 49. fxe4+ Kxe4 50. h4 Kd4 51. Bb3 Ke5 52. Kg4 Ke6 53. h5 Kf7 54. b5 1-0

[Event "Hillerod CC-ch C"]
[Site "Hillerod"]
[Date "2019.01.20"]
[Round "1"]
[White "Nielskov, Freddy"]
[Black "Eliasen, Rune"]
[Result "1/2-1/2"]
[WhiteElo "1606"]
[BlackElo "1682"]
[PlyCount "122"]
[EventDate "2019.01.08"]
[EventType "tourn"]
[EventRounds "7"]
[EventCountry "DEN"]
[SourceTitle "EXT 2024"]
[Source "ChessBase"]
[SourceDate "2023.10.10"]
[SourceVersion "1"]
[SourceVersionDate "2023.10.10"]
[SourceQuality "1"]

1. e4 e6 2. Nc3 d5 3. d4 Nf6 4. e5 Nfd7 5. Nce2 c5 6. c3 Nc6 7. Nf3 f6 8. exf6 Nxf6 9. Ng3 cxd4 10. Nxd4 Bc5 11. Be3 Qb6 12. b3 Nxd4 13. Bxd4 Bxd4 14. Qxd4 Qxd4 15. cxd4 Bd7 16. Be2 0-0 17. 0-0 Rac8 18. Rac1 Bc6 19. f4 g6 20. h3 Rc7 21. Rc2 Rcf7 22. Bd3 Ne4 23. Nxe4 dxe4 24. Bc4 Bd5 25. g3 g5 26. fxg5 Rxf1+ 27. Bxf1 Rf3 28. Bg2 Rxg3 29. Kh2 Rd3 30. Re2 Kg7 31. Bxe4 Rxd4 32. Bxd5 exd5 33. Re7+ Kg6 34. Rxb7 Rd2+ 35. Kg3 Rxa2 36. Rd7 Ra3 37. Rxd5 Rxb3+ 38. Kg4 Rb4+ 39. Kg3 Ra4 40. h4 a5 41. Rd6+ Kg7 42. h5 Rb4 43. Rd7+ Kg8 44. h6 a4 45. Rg7+ Kh8 46. Ra7 Kg8 47. Kf3 Rc4 48. Ke2 Rb4 49. Kd2 Rg4 50. Rg7+ Kh8 51. Kc3 Re4 52. Ra7 Kg8 53. Kb2 Rg4 54. Rg7+ Kh8 55. Ka3 Re4 56. Ra7 Kg8 57. Ra8+ Kf7 58. Ra7+ Kg8 59. Rg7+ Kh8 60. Rf7 Kg8 61. Rc7 Rd4 1/2-1/2

[Event "Hillerod-ch C"]
[Site "Hillerod"]
[Date "2017.05.16"]
[Round "3"]
[White "Eliasen, Rune"]
[Black "Hein, Jacob"]
[Result "1-0"]
[WhiteElo "1651"]
[BlackElo "1475"]
[PlyCount "89"]
[EventDate "2017.05.02"]
[EventType "tourn"]
[EventRounds "7"]
[EventCountry "DEN"]
[SourceTitle "EXT 2023"]
[Source "ChessBase"]
[SourceDate "2022.10.05"]
[SourceVersion "1"]
[SourceVersionDate "2022.10.05"]
[SourceQuality "1"]

1. e4 e5 2. Bc4 Nf6 3. d3 h6 4. Nf3 Bd6 5. c3 Nc6 6. Bb3 Qe7 7. Nbd2 b5 8. 0-0 Nd8 9. Re1 Ne6 10. Nf1 Bb7 11. Ng3 g6 12. h3 Ng7 13. Be3 a5 14. Qd2 Ng8 15. d4 f5 16. dxe5 Bc5 17. Bxc5 Qxc5 18. Rad1 0-0-0 19. Bd5 c6 20. Bf7 Ne7 21. Qd6 Qxd6 22. exd6 Rdf8 23. dxe7 Rxf7 24. exf5 gxf5 25. Nh5 Ne6 26. Ne5 Rfh7 27. Nf6 Rg7 28. e8Q+ Rxe8 29. Nxe8 Rg8 30. Nd6+ Kc7 31. Nxb7 Kxb7 32. Rxd7+ Kb6 33. Rd6 Nf4 34. Rxc6+ Kb7 35. Rxh6 Nxg2 36. Kf1 f4 37. Rg6 Rxg6 38. Nxg6 Nxe1 39. Kxe1 f3 40. h4 Kc7 41. h5 Kd7 42. h6 Ke6 43. h7 Kf6 44. h8Q+ Kxg6 45. Qe5 1-0

[Event "Hillerod CC-ch B"]
[Site "Hillerod"]
[Date "2016.04.04"]
[Round "9"]
[White "Nygaard, Soren"]
[Black "Eliasen, Rune"]
[Result "0-1"]
[WhiteElo "1773"]
[BlackElo "1570"]
[PlyCount "124"]
[EventDate "2016.01.05"]
[EventType "tourn"]
[EventRounds "9"]
[EventCountry "DEN"]
[SourceTitle "EXT 2024"]
[Source "ChessBase"]
[SourceDate "2023.10.10"]
[SourceVersion "1"]
[SourceVersionDate "2023.10.10"]
[SourceQuality "1"]

1. d4 Nf6 2. c4 g6 3. Nc3 Bg7 4. e4 d6 5. Be2 0-0 6. f4 Na6 7. Nf3 e5 8. 0-0 exd4 9. Nxd4 Nc5 10. Bf3 Re8 11. Re1 a5 12. b3 Bg4 13. Qd2 Bxf3 14. gxf3 Nh5 15. Nde2 Qh4 16. Bb2 Ne6 17. Nd5 Bxb2 18. Qxb2 c6 19. Ne3 Nexf4 20. Nxf4 Nxf4 21. Ng4 Re6 22. Qd2 Qg5 23. Kh1 h5 24. Ne3 Re5 25. Rg1 Qf6 26. Raf1 Rae8 27. Nf5 Rxf5 28. exf5 Qxf5 29. Qxd6 Re2 30. Rg3 Ne6 31. Rfg1 Qc2 32. R3g2 Rxg2 33. Rxg2 Qb1+ 34. Rg1 Qxa2 35. Qb8+ Kg7 36. Qxb7 Nd4 37. Qb8 Nxf3 38. Qg3 Nxg1 39. Kxg1 Qb1+ 40. Kg2 Qc2+ 41. Kh3 Qf5+ 42. Kg2 Qg4 43. h4 Qxg3+ 44. Kxg3 Kf6 45. Kf4 Kg7 46. Ke5 f6+ 47. Kd6 g5 48. Kxc6 g4 49. Kd7 g3 50. c5 g2 51. c6 g1Q 52. c7 Qc5 53. c8Q Qxc8+ 54. Kxc8 Kg6 55. Kc7 Kf5 56. Kb6 Ke4 57. Kxa5 f5 58. b4 f4 59. b5 f3 60. b6 f2 61. b7 f1Q 62. Kb6 Qb1+ 0-1

[Event "Hillerod op"]
[Site "Hillerod"]
[Date "2015.10.20"]
[Round "7"]
[White "Feldung, Arne"]
[Black "Eliasen, Rune"]
[Result "0-1"]
[WhiteElo "1426"]
[BlackElo "1500"]
[PlyCount "41"]
[EventDate "2015.09.08"]
[EventType "swiss"]
[EventRounds "7"]
[EventCountry "DEN"]
[SourceTitle "EXT 2024"]
[Source "ChessBase"]
[SourceDate "2023.10.10"]
[SourceVersion "1"]
[SourceVersionDate "2023.10.10"]
[SourceQuality "1"]

1. Nf3 d5 2. g3 c5 3. d4 e6 4. Bg2 Nc6 5. 0-0 Nf6 6. Bg5 h6 7. Bxf6 Qxf6 8. c3 b6 9. Re1 cxd4 10. cxd4 Bd6 11. e4 dxe4 12. Rxe4 0-0 13. Nc3 Bb7 14. Re2 Rfd8 15. d5 Bc5 16. Ne4 Qe7 17. Nxc5 Qxc5 18. Rd2 exd5 19. Nd4 Nxd4 20. Rxd4 Rac8 21. Rc1 0-1